Every UEFA Champions League Group Stage Motm 25/26 - Statistics

General Stats
  • This quiz has been taken 37 times
  • The average score is 37 of 117
Answer Stats
X Player % Correct
1 Ars 1 Declan Rice
89%
2 Bay 3 Harry Kane
89%
8 Mci 1 Erling Haaland
86%
5 Bar 1 Lamine Yamal
86%
9 Rma 3 Kylian Mbappe
82%
1 Ars 1 Viktor Gyökeres
79%
9 Rma 1 Vinícius Júnior
75%
14 Atl 1 Julián Alvarez
68%
11 Psg 1 Khvicha Kvaratskhelia
68%
1 Ars 1 Martin Ødegaard
68%
8 Mci 2 Phil Foden
64%
3 Liv 1 Dominik Szoboszlai
61%
2 Bay 1 Manuel Neuer
61%
13 Juv 1 Khephren Thuram
57%
10 Int 2 Marcus Thuram
57%
11 Psg 1 Vitinha
57%
3 Liv 2 Alexis Mac Allister
54%
1 Ars 1 Kai Havertz
54%
20 Gal 3 Victor Osimhen
54%
3 Liv 2 Virgil van Dijk
54%
12 New 2 Anthony Gordon
50%
1 Ars 1 Gabriel Jesus
50%
1 Ars 1 Gabriel Martinelli
50%
1 Ars 1 Mikel Merino
50%
14 Atl 1 Alexander Sørloth
46%
6 Che 1 João Pedro
46%
27 Usg 1 Kevin Mac Allister
46%
11 Psg 2 Nuno Mendes
46%
8 Mci 1 Rayan Cherki
46%
17 Bvb 1 Serhou Guirassy
46%
10 Int 1 Federico Dimarco
43%
13 Juv 2 Kenan Yıldız
43%
2 Bay 2 Lennart Karl
43%
29 Bil 1 Unai Simón
43%
4 Tot 1 Cristian Romero
39%
26 Paf 1 David Luiz
39%
5 Bar 2 Fermín López
39%
6 Che 2 Marc Cucurella
39%
25 OM 1 Mason Greenwood
39%
4 Tot 1 Guglielmo Vicario
36%
23 Bod 2 Jens Petter Hauge
36%
7 Scp 1 Luis Suárez
36%
5 Bar 1 Marcus Rashford
36%
4 Tot 1 Pedro Porro
36%
12 New 1 Sandro Tonali
36%
30 Nap 1 Scott McTominay
36%
4 Tot 2 Xavi Simons
36%
10 Int 1 Denzel Dumfries
32%
6 Che 1 Estêvão
32%
5 Bar 1 Jules Koundé
32%
17 Bvb 1 Julian Brandt
32%
6 Che 1 Moises Caicedo
32%
8 Mci 1 Nico O'Reilly
32%
1 Ars 1 Noni Madueke
32%
3 Liv 1 Ryan Gravenberch
32%
12 New 1 Yoane Wissa
32%
9 Rma 1 Arda Güler
29%
13 Juv 1 Dušan Vlahović
29%
14 Atl 2 Giuliano Simeone
29%
25 OM 2 Pierre-Emerick Aubameyang
29%
12 New 1 Anthony Elanga
25%
15 Ata 3 Charles De Ketelaere
25%
7 Scp 3 Francisco Trincão
25%
16 Lev 1 Malik Tillman
25%
30 Nap 1 Rasmus Højlund
25%
10 Int 1 Carlos Augusto
21%
12 New 1 Dan Burn
21%
17 Bvb 1 Felix Nmecha
21%
16 Lev 1 Ibrahim Maza
21%
28 Psv 1 Ismael Saibari
21%
6 Che 1 Jamie Gittens
21%
2 Bay 1 Jonas Urbig
21%
15 Ata 1 Mario Pašalić
21%
16 Lev 1 Mark Flekken
21%
7 Scp 1 Pedro Gonçalves
21%
24 Ben 1 Richard Ríos
21%
8 Mci 1 Savinho
21%
14 Atl 1 José María Giménez
18%
23 Bod 1 Kasper Høgh
18%
4 Tot 1 Lucas Bergvall
18%
17 Bvb 1 Marcel Sabitzer
18%
35 Vil 1 Nicolas Pépé
18%
31 Kpn 1 Robert
18%
19 Bru 1 Carlos Forbs
14%
28 Psv 1 Dennis Man
14%
29 Bil 1 Gorka Guruzeta
14%
19 Bru 1 Hans Vanaken
14%
31 Kpn 1 Jordan Larsson
14%
21 Mon 1 Mohammed Salisu
14%
33 Sge 1 Robin Koch
14%
24 Ben 1 Samuel Dahl
14%
21 Mon 1 Vanderson
14%
29 Bil 1 Aitor Paredes
11%
19 Bru 1 Aleksandar Stanković
11%
7 Scp 1 Alisson Santos
11%
24 Ben 1 Andreas Schjelderup
11%
27 Usg 1 Anouar Ait El Hadj
11%
26 Paf 1 Bruno Felipe
11%
26 Paf 2 Derrick Luckassen
11%
21 Mon 1 Folarin Balogun
11%
33 Sge 1 Jonathan Burkardt
11%
18 Oly 1 Konstantinos Tzolakis
11%
15 Ata 1 Lazar Samardžić
11%
34 Pra 1 Lukáš Provod
11%
32 Ajx 2 Oscar Gloukh
11%
29 Bil 1 Robert Navarro
11%
21 Mon 1 Takumi Minamino
11%
27 Usg 1 Adem Zorgane
7%
22 Qar 1 Camilo Duran
7%
28 Psv 1 Couhaib Driouech
7%
22 Qar 1 Elvin Jafarguliyev
7%
31 Kpn 1 Gabriel Pereira
7%
18 Oly 2 Gelson Martins
7%
19 Bru 1 Mamadou Diakhon
7%
31 Kpn 1 Mohamed Elyounoussi
7%
22 Qar 1 Pedro Bicalho
7%
36 Kai 1 Temirlan Anarbekov
7%
No matching quizzes found
Score Distribution
Percent of People with Each Score
Percentile by Number Answered
Your Score History
You have not taken this quiz